Riconosci il Pokémon - Quiz n°369 - Statistics

Statistiche generali
  • Questo quiz è stato fatto 0 volte
  • Il punteggio medio è 0 su 10
Statistiche sulle risposte
Indizio Risposta % Corretto
Altezza 0,1 m
0%
Peso 0,2 kg
0%
Tasso di cattura 190 (35.2%)
0%
Sesso 50% ♂, 50% ♀
0%
Tipo Coleottero / Folletto
0%
Pokémon Cutiefly
0%
Stadio evoluzione Forma Base
0%
Tasso di allevamento Medio-Veloce
0%
Abilità Mielincetta; Polvoscudo; Dolcevelo
0%
Generazione Settima
0%
Nessun quiz corrispondente trovato
Distribuzione punteggi
Percentuale di utenti per punteggio
Percentile per numero di risposta
I tuoi punteggi nel tempo
Non hai fatto questo quiz